Manchester United squad 2019-2020 - Statistics

General Stats
  • This quiz has been taken 873 times
    841 since last reset
  • The average score is 24 of 30
Answer Stats
Position Nation Number Player % Correct
GK Spain 1 David de Gea
99%
CM France 6 Paul Pogba
97%
RW France 9 Anthony Martial
95%
ST England 10 Marcus Rashford
95%
CB Sweden 2 Victor Lindelof
95%
CB Ivory Coast 3 Eric Bailly
94%
CB England 5 Harry Maguire
94%
LW Chile 7 Alexis Sanchez
93%
CAM Spain 8 Juan Mata
92%
CM Brazil 17 Fred
89%
RB England 23 Luke Shaw
89%
CDM Serbia 31 Nemanja Matic
89%
CB England 4 Phil Jones
89%
GK Argentina 22 Sergio Romero
86%
CAM England 14 Jesse Lingard
84%
RB Portugal 20 Diogo Dalot
82%
CAM Scotland 39 Scott McTominay
82%
RB England 29 Aaron Wan-Bissaka
80%
CB Argentina 16 Marcos Rojo
80%
CM Wales 21 Daniel James
76%
CB England 12 Chris Smalling
75%
RB Italy 36 Matteo Darmian
72%
Coach Norway - Ole Gunnar Solskjaer
69%
RM Brazil 15 Andreas Pereira
63%
GK Portugal 40 Joel Pereira
61%
LB England 18 Ashley Young
57%
RW Netherlands 44 Tahith Chong
52%
GK England 13 Lee Grant
50%
CB England 38 Axel Tuanzebe
48%
LB Netherlands 24 Timothy Fosu-Mensah
39%
No matching quizzes found
Score Distribution
Percent of People with Each Score
Percentile by Number Answered
Your Score History
You have not taken this quiz since the last reset